000 00640nam a22001817a 4500
003 OSt
005 20240625164554.0
008 240625b |||||||| |||| 00| 0 eng d
020 _a0415306183
040 _aDDC
_cMUST
082 _a338.9 DEV 2001
_b20
100 _aEdited by Ben Fine, Costs Lapavitsas and Johnathan Pincus
_917901
245 _aDevelopment Policy in the Twenty-First Century Beyond the Past-Washington Consensus/
_cEdited by Ben Fine, Costs Lapavitsas and Johnathan Pincus
300 _axx,224p.:
_c23.3cm.
504 _aIncludes Bibliographical Indexes
650 _aDevelopment Policy.
_917902
942 _2ddc
_cO_SHELF
999 _c8862
_d8862